000 00719nam a22001937a 4500
999 _c22250
_d22250
003 AR-CdUCM
008 190425b ||||| |||| 00| 0 spa d
040 _aMUNICIPALIDAD PROVINCIAL DEL CUSCO
_cBIBLIOTECA MUNICIPAL DEL CUSCO
082 _aConcejero/N°6/2001
245 _aConcejero del lobo /
_cGabriel Apaza, Director
260 _aJuliaca.
_bConcejerodellobo,
_c2001.
300 _a18 páginas. :
_bilustraciones ;
_c29 cm.
440 _aConcejero del lobo.
_nAño 3, N° 6, febrero marzo abril 2001.
_947755
505 _aContenido: Literatura y cultura andina. -- La estética de Gamaliel Churata.
650 _aLiteratura puneña
_944257
650 _aCultura andina
_947756
942 _2ddc
_cPP
945 _arac